Pioneers of modern design : (Record no. 95506)

MARC details
000 -LEADER
fixed length control field 00943nam a2200265 a 4500
008 - FIXED-LENGTH DATA ELEMENTS--GENERAL INFORMATION
fixed length control field
090 ## - LOCALLY ASSIGNED LC-TYPE CALL NUMBER (OCLC); LOCAL CALL NUMBER (RLIN)
Classification number (OCLC) (R) ; Classification number, CALL (RLIN) (NR) N6450
Local cutter number (OCLC) ; Book number/undivided call number, CALL (RLIN) PEV
003 - CONTROL NUMBER IDENTIFIER
control field
005 - DATE AND TIME OF LATEST TRANSACTION
control field 20230120131025.0
040 ## - CATALOGING SOURCE
Transcribing agency NUST
049 ## - LOCAL HOLDINGS (OCLC)
Holding library MAIN
100 1# - MAIN ENTRY--PERSONAL NAME
Personal name Pevsner, Nikolaus.
240 10 - UNIFORM TITLE
Uniform title Pioneers of the modern movement.
245 10 - TITLE STATEMENT
Title Pioneers of modern design :
Remainder of title from William Morris to Walter Gropius /
Statement of responsibility, etc. Nikolaus Pevsner.
260 ## - PUBLICATION, DISTRIBUTION, ETC.
Place of publication, distribution, etc. Harmondsworth, Middlesex :
Name of publisher, distributor, etc. Penguin Books,
Date of publication, distribution, etc. 1960.
300 ## - PHYSICAL DESCRIPTION
Extent 253 p. :
Other physical details ill. ;
Dimensions 20 cm.
440 ## - SERIES STATEMENT/ADDED ENTRY--TITLE
Title Pelican books.
500 ## - GENERAL NOTE
General note First published in 1936 under title: Pioneers of the modern movement, from William Morris to Walter Gropius.
504 ## - BIBLIOGRAPHY, ETC. NOTE
Bibliography, etc. note Includes bibliographical references.
500 ## - GENERAL NOTE
General note Includes index.
650 #0 - SUBJECT ADDED ENTRY--TOPICAL TERM
Topical term or geographic name entry element Art, Modern
Chronological subdivision 19th century
General subdivision History.
650 #0 - SUBJECT ADDED ENTRY--TOPICAL TERM
Topical term or geographic name entry element Art, Modern
Chronological subdivision 20th century
General subdivision History.
907 ## - LOCAL DATA ELEMENT G, LDG (RLIN)
a .b10188022
b 09-02-12
c 26-01-06
942 ## - ADDED ENTRY ELEMENTS (KOHA)
Koha item type Ordinary Loan Books
Call number prefix N6450
Call number suffix PEV
Holdings
Date last seen Total Checkouts Full call number Barcode Cost, replacement price Price effective from Koha item type Lost status Source of classification or shelving scheme Damaged status Not for loan Collection Withdrawn status Home library Current library Shelving location Date acquired Cost, normal purchase price
01/20/2023   N6450 PEV 92003000528 80.00 01/20/2023 BOOKS   LCC     NFIC   FOBE FOBE GEN 01/20/2023 80.00